National Animals - Statistics

General Stats
  • This quiz has been taken 54 times
  • The average score is 28 of 78
Answer Stats
Hint Animal Type Answer % Correct
United States national bird Bald eagle
87%
Albania national bird Golden eagle
87%
Mexico Golden eagle
87%
Panama Harpy eagle
87%
Philippines national bird Philippine eagle
87%
Poland national bird White-tailed eagle
87%
Iran Asiatic lion
83%
Morocco Barbary lion
83%
Netherlands heraldic symbol Lion
83%
Norway royal national animal Lion
83%
Singapore Lion
83%
Togo Lion
83%
Bangladesh Bengal Tiger
80%
Malaysia Malayan tiger
80%
Finland Brown bear
77%
Russia Eurasian brown bear
77%
India Tiger
73%
Thailand Asian elephant
70%
Estonia national mammal Grey wolf
57%
Serbia Grey wolf
57%
Turkey Grey wolf
57%
Italy Italian wolf
57%
Australia Red kangaroo
57%
Tanzania Giraffe
53%
New Zealand Kiwi
53%
Canada North American beaver
50%
Afghanistan Snow leopard
50%
Algeria Fennec fox
47%
Nepal Zebu cattle
47%
Somalia Leopard
43%
Botswana Plains zebra
43%
Antigua and Barbuda European fallow deer
37%
Costa Rica White-tailed deer
37%
Honduras White-tailed deer
37%
Bahamas national bird Flamingo
33%
Guyana Jaguar
33%
Lebanon Striped hyena
30%
United Kingdom Bulldog
27%
France Gallic rooster
27%
Uganda Grey crowned crane
27%
Romania Lynx
23%
Indonesia Komodo dragon
20%
Lithuania White stork
20%
Jordan Arabian oryx
17%
Oman Arabian oryx
17%
Qatar Arabian oryx
17%
United Arab Emirates Arabian oryx
17%
Saudi Arabia Dromedary
17%
Papua New Guinea national marine mammal Dugong
17%
Guatemala Quetzal
17%
Denmark national mammal Red squirrel
17%
Brazil national bird Rufous-bellied thrush
17%
Sierra Leone Western chimpanzee
17%
Belize Baird’s tapir
13%
Cuba Cuban trogon
13%
Sri Lanka Grizzled giant squirrel
13%
Haiti Hispaniolan trogon
13%
Pakistan Markhor
13%
South Africa Springbok
13%
Peru Vicuña
13%
Sweden Eurasian elk
10%
Israel national bird Eurasian hoopoe
10%
Argentina Rufous hornero
10%
Iceland Gyrfalcon
7%
Azerbaijan national horse Karabakh horse
7%
Cambodia national mammal Kouprey
7%
Croatia Pine marten
7%
Angola national bird Red-crested turaco
7%
Latvia national bird White wagtail
7%
Dominican Republic Palmchat
3%
Jamaica Red-billed streamertail
3%
Saint Vincent and the Grenadines Saint Vincent amazon
3%
Venezuela national bird Venezuelan troupial
3%
Slovenia White Lipizzaner stallions
3%
Tunisia Cream-colored courser
0%
Nicaragua national bird Guardabarranco
0%
Chile Huemul
0%
El Salvador national bird Torogoz
0%
No matching quizzes found
Score Distribution
Percent of People with Each Score
Percentile by Number Answered
Your Score History
You have not taken this quiz